00399nam a2200145Ia 4500008004100000040001900041041001200060082002400072245004400096260002600140300002500166650002200191651002200213850001800235131103s9999 xx 000 0 und d aLoreto College aEnglish a973/DATbLCBED/4338 aDates of American history (1497 - 1914) a[s.l.]b[s.n.]c[19?] a220p.b ill.c 27cm. aHistory - America aAmerica - History aLCBED/973/DAT